000 00956cam a22003017a 4500
003 CHAP
005 20220329141408.0
008 971013s1970 r 00010 d
010 _a67468
011 _a68440
035 _a77912
040 _cCHAP
090 _aFolleto 12017
110 _aE.U.A. National Agricultural Library
_934948
245 0 _aLockheed retrieval services file description
260 _aBeltsville, MD :
_bNational Agricultural Library,
_c[1970?]
300 _a42 p.
500 _aFotocopia
590 _aBATCH-UPD
_b10
_c20130110
_lUCH01
_h1017
590 _aBATCH-UPD
_b10
_c20130410
_lUCH01
_h0624
590 _aBATCH-UPD
_b10
_c20130913
_lUCH01
_h2126
590 _aCONVERSION
_b10
_c20130109
_lUCH01
_h1337
650 1 4 _aAgricultura
_xServicios de información.
_91791
650 1 4 _aAgricultura
_xSistemas de información.
_91796
901 _aBK
942 _cFOLL
949 _aFolleto 12017
_bBC
_cFOLL
_d-30785
_eTS1
_i77912
_mD
_si
999 _c67468
_d67468